000 01008nam a2200241 a 4500
001 BRCA_1025
005 20190320203240.0
008 900301s1990 nyua---##b---#000-0#eng-#
020 _a0876637764
040 _aDLC
_cDLC
_dDLC
050 4 _aF129.B7
_b.S77 1990
100 1 _aStayton, Kevin
_93371
245 1 0 _aDutch by Design
_bTradition and Change in Two Historic Brooklyn Houses : The Schenck Houses at The Brooklyn Museum
_cKevin L. Stayton.
260 _aNueva York
_bThe Brooklyn Museum : Phaidon Universe
_c1990
300 _a128 p.
_bil. (algunas a color)
_c28 cm.
500 _aIncluye apéndice
504 _aBibliografía : p. 121-127
650 1 4 _aPeriodo colonial
_xHistoria
_y1600-1775
_93372
650 1 4 _aHolandeses américanos
_xHistoria
_ySiglos XVII y XVIII
_zNueva York (Estados Unidos)
_93373
650 1 4 _aHolandeses américanos
_xVida social y costumbres
_zNueva York (Estados Unidos)
_93374
650 1 4 _aHolandeses américanos
_xDiseño
_zNueva York (Estados Unidos)
_93375
942 _2lcc
_cB
999 _c905
_d905